| 000 | 00661pab a2200145 454500 | ||
|---|---|---|---|
| 008 | 180718b2001 xxu||||| |||| 00| 0 eng d | ||
| 245 | _aRIGHTSIZING the government workforce | ||
| 260 | _c2001 | ||
| 300 | _ap.57-63. | ||
| 362 | _aJul | ||
| 520 | _aThis position paper of LBSNAA prepared for an international seminar on `Good Governance' looks at issues like organization restructuring, impact of technology, abolition of vacant post, freeze on recruitment, across-the-board-cut, and voluntary retirement. It also discusses the initiatives taken by the Expenditure Reforms Commission. | ||
| 650 | _aCivil service | ||
| 773 | _aAdministrator | ||
| 909 | _a52072 | ||
| 999 |
_c52072 _d52072 |
||